| 000 | 00433nam a2200169Ia 4500 | ||
|---|---|---|---|
| 008 | 131103s9999 xx 000 0 und d | ||
| 040 | _aLoreto College | ||
| 041 | _aEnglish | ||
| 082 |
_aF/WES _bLCLIB/22285 |
||
| 100 | _aWest,Morris | ||
| 245 | 4 |
_aThe naked country _cMorris West |
|
| 260 |
_aLondon _bNew Engllish Library _c1960 |
||
| 300 |
_a127 p. _c 18 cm. |
||
| 650 | _aFiction in English | ||
| 850 | _aLCLIB | ||
| 942 | _cBK | ||
| 999 |
_c14442 _d64921 |
||